000 00722nam a2200265Ia 4500
005 20260302114732.0
008 008 260114s9999 xx 000 0 eng d
020 _a9798765107232
037 _aTextbook
040 _aCRL
040 _beng
040 _cCRL
041 _2eng
041 _aeng
084 _qCRL
100 _aJeffrey McCurry
_91119595
245 4 _aThe Ethics of Immediacy Dangerous Experience in Freud, Woolf, and Merleau-Ponty
260 _bBloomsbury
260 _bBloomsbury Academic
260 _c2023
650 _aLiterary Studies
856 _uhttps://doi.org/10.5040/9798765107232?locatt=label:secondary_bloomsburyCollections
942 _cEBOOK
999 _c1683654
_d1683654